000 00462nam a2200157Ia 4500
008 210210b1969 xxu||||| |||| 00| 0 eng d
020 _a13 913343 7
082 _a300.72 BLAT
100 _aBLALOCK (Hubert M).
245 _aTheory construction from verbal to mathematical formulations.
260 _aNew Jersey.
_bPrentice-Hall, Inc.,
_c1969
300 _axi,180
650 _aVerbal Mathematical Formulations
690 _aSocial Research
906 _a040771
999 _c90606
_d90606